000 01033nam a2200241 i 4500
001 186405
003 SpMaBN
005 20240522092758.0
008 161107s1968 sp |||| |dspa d
080 _a821.161.1-3"18"
100 0 _aGogol', Nikolaï Vasil'evich,
_d1809-1852
_957597
245 1 0 _aObras completas /
_cNikolai Vasílievich Gógol ; introducción de José M.ª Valverde ; traducción y notas de José Laín Entralgo.
250 _a2ª ed.
260 _aBarcelona :
_bPlaneta,
_c1968.
300 _aXXII, 1400 p. ;
_c18 cm.
490 1 _aClásicos Planeta ;
_v11
505 8 _aContiene: ;
_tVeladas en un caserío de Dikanka, I y II ;
_tMírgorod, I y II ;
_tArabescos ;
_tEl Inspector ;
_tEl casamiento ;
_tJugadores ;
_tAlmas muertas
700 1 _aValverde, José María,
_d1926-1996
_9113013
700 1 _aLaín Entralgo, José.
_969679
830 0 _aClásicos Planeta ;
_v11
_9192559
852 _aES-MaACL
_jL-30772
_z- enc. guaflex
_z. - Donat. Miguel A. Velasco
999 _c186405
_d186405